Major Proctor & Gamble Brands - Statistics

General Stats
  • This quiz has been taken 35 times
  • The average score is 13 of 36
Answer Stats
Answer % Correct
Oral-B
81%
Tide
75%
Braun
69%
Dawn
69%
Gillette
69%
Olay
69%
Old Spice
69%
Bounty
63%
Crest
63%
Head & Shoulders
63%
Pantene
56%
Fairy
50%
Ariel
44%
Gain
38%
Pampers
38%
Vicks
38%
Febreze
31%
Herbal Essences
31%
Venus
31%
Always
25%
Charmin
25%
Swiffer
25%
Tampax
25%
Luvs
19%
Puffs
19%
Rejoice
19%
Secret
19%
Cascade
13%
Metamucil
13%
Downy
6%
Mr. Clean
6%
Always Discreet
0%
Neurobion
0%
Pepto Bismol
0%
Safeguard
0%
SK-II
0%
No matching quizzes found
Score Distribution
Percent of People with Each Score
Percentile by Number Answered
Your Score History
You have not taken this quiz